Impact of Industry 4.0 on Occupations and Employment in Turkey
Cieľom tohto dokumentu je zdôrazniť budúce zmeny profesií a straty pracovných miest v dôsledku nových technológií v Turecku.
Salvato in:
| Autore principale: | |
|---|---|
| Natura: | Capitolo di libro |
| Lingua: | inglese |
| Soggetti: | |
| Tags: |
Nessun Tag, puoi essere il primo ad aggiungerne!!
|
MARC
| LEADER | 00000nla a2200000 4500 | ||
|---|---|---|---|
| 001 | 0246256 | ||
| 005 | 20220803170639.1 | ||
| 041 | 0 | |a eng | |
| 044 | |a MK | ||
| 245 | 1 | 0 | |a Impact of Industry 4.0 on Occupations and Employment in Turkey |c Beyza Sumer |
| 520 | |a Cieľom tohto dokumentu je zdôrazniť budúce zmeny profesií a straty pracovných miest v dôsledku nových technológií v Turecku. | ||
| 610 | 2 | 0 | |a nezamestnanosť |
| 610 | 2 | 0 | |a technológie nové |
| 610 | 2 | 0 | |a Turecko |
| 610 | 2 | 0 | |a vplyvy na prácu |
| 610 | 2 | 0 | |a priemysel 4.0 |
| 610 | 2 | 0 | |a povolanie |
| 100 | 1 | |a Sumer, Beyza | |